Cosecha y procesamiento de ajos
Bewaard in:
| Hoofdauteur: | |
|---|---|
| Formaat: | Boek |
| Taal: | Spaans |
| Gepubliceerd in: |
Santiago
Estación Experimental La Platina
1989
|
| Reeks: | La Platina, 7
|
| Onderwerpen: | |
| Tags: |
Voeg label toe
Geen labels, Wees de eerste die dit record labelt!
|
MARC
| LEADER | 00000cam a2200000 a 4500 | ||
|---|---|---|---|
| 001 | UCG8654 | ||
| 003 | CL-VaPUC | ||
| 008 | 111223e19891100CL |||||||||||||||||spa|d | ||
| 082 | 0 | 4 | |a 635.26 |b ALJ |2 21 |
| 100 | |a Aljaro Uribe, Agustín |e autor |9 559766 | ||
| 245 | 1 | 0 | |a Cosecha y procesamiento de ajos |
| 300 | |a 41 p | ||
| 942 | |c BK | ||
| 945 | |d 20111223 00:00:00 |a dcastane | ||
| 260 | |a Santiago |b Estación Experimental La Platina |c 1989 | ||
| 650 | 0 | |a Ajo (Allium sativum) |9 264164 | |
| 583 | |a last modification |c 20121108 09:49:04 |k Rodrigo Vera | ||
| 490 | 0 | |a La Platina, 7 | |
| 999 | |c 346257 |d 346255 | ||
| 952 | |0 0 |1 0 |4 0 |6 635_260000000000000_ALJ_1989 |7 0 |8 A |9 446896 |a BIBAGR |b BIBAGR |d 2019-11-22 |i 481570K |o 635.26 ALJ 1989 |p 481570K |r 2025-01-20 |w 2019-11-22 |y BK |k AGR | ||